Widok standardowy
Widok MARC
Pozycja Geographic Name
Liczba rekordów, w których użyto hasła: 1
001 - Numer kontrolny
- control field: 40306
003 - Identyfikator numeru kontrolnego
- control field: NUKAT
005 - Data i czas ostatniej modyfikacji
- control field: 20260419194032.0
008 - Dane kontrolne kodowane (40 znaków)
- fixed length control field: 020424 ||a|znnbabn |a ana |c
010 ## - Numer kontrolny Biblioteki Kongresu
- numer kontrolny LC: s 02102076
040 ## - Instytucja sporządzająca rekord
- inst. przygot. dane do rek. khw: WA U/MM
- język haseł przedmiotowych/tezaurus: kaba
- inst. wprow. rek. khw: WA U/MM
- inst. modyf. rek. khw: WA U/ZM
083 #4 - DEWEY DECIMAL CLASSIFICATION NUMBER
- pojed. symbol lub pocz. z zakr. symboli: 914
- określenie wyjaśniające: Geografia Europy
151 ## - Hasło - nazwa geograficzna
- nazwa geograficzna: Siedmiogród (Rumunia)
- określnik chronologiczny: 1526-1691.
451 ## - Trop zob. - nazwa geograficzna
- nazwa geograficzna: Transylvanie (Roumanie)
- określnik chronologiczny: 1526-1691 [f]
451 ## - Trop zob. - nazwa geograficzna
- nazwa geograficzna: Siedmiogród (Rumunia)
- określnik rzeczowy: historia
- określnik chronologiczny: 1526-1691.
670 ## - Źródło informacji
- źródło informacji: RAMEAU